000 00826nam a2200253 i 4500
001 000032471
003 DO-SdBNP
005 20231213124456.0
007 ta
008 110718s1944 dr ac 000 0 spa d
040 _aDO-SdBNP
_bspa
_cBNPHU
_erda
082 _bE79h
_222
100 1 _aEstella, José Ramón
_eautor
_954488
245 1 0 _aHistoria gráfica de la República Dominicana. /
_cJosé Ramón Estella ; dibujos de José Alloza Villagrasa.
264 _aCiudad Trujillo :
_bImprenta "La Opinión",
_c1944.
300 _a401 paginas :
_bilustraciones retratos. ;
_c30 cm
336 _2rdacontent
_atexto
_btxt
337 _2rdamedia
_asin mediación
_bn
338 _2rdacarrier
_avolumen
_bnc
590 _aInventariado, 2023 / DG
700 1 2 _aAlloza Villagrasa, José
_954489
910 _aDG
942 _2ddc
_cLBS1
999 _c31962
_d31962